[Event "Elista ol (Men)"]
[Site "Elista"]
[Date "1998.10.03"]
[Round "5"]
[White "Garcia, Gildardo"]
[Black "Agrest, Evgenij"]
[Result "0-1"]
[WhiteElo "2510"]
[BlackElo "2545"]

1.e4 c5 2.Nf3 e6 3.Nc3 a6 4.d4 cxd4 5.Nxd4 d6 6.g3 Bd7 7.Bg2 Nc6 8.O-O Be7
9.Re1 Rc8 10.Nxc6 Bxc6 11.Qg4 h5 12.Qe2 Nf6 13.Bf4 e5 14.Rad1 Qb6 15.Bc1 Bd7
16.Rd3 Be6 17.b3 O-O 18.h3 Rc7 19.Kh2 Rfc8 20.Bd2 Rc6 21.f4 Bd7 22.Rf1 Be8
23.g4 hxg4 24.hxg4 Rxc3 25.Bxc3 Bb5 26.fxe5 Bxd3 27.Qxd3 Nxg4+ 28.Kg3 Nxe5
29.Bxe5 dxe5 30.Qd7 Qg6+ 31.Kh2 Rxc2 32.Qh3 Bg5 33.Kh1 Qh6 34.Rd1 Rxa2 35.Qxh6 gxh6
36.Bh3 Rb2 37.Bc8 Rxb3 38.Rd7 a5 39.Bxb7 Kf8 40.Bd5 Rb1+ 41.Kg2 Be7 42.Ra7 Ra1
43.Ra8+ Kg7 44.Ra7 Kf6 45.Ra6+ Kg5 46.Ra7 Bc5 47.Rxf7 Bd4 48.Bc4 a4 49.Rf5+ Kg6
50.Rf8 a3 51.Ra8 Rc1 52.Ra6+ Kg7 53.Be6 Rc3 54.Bd5 h5 55.Kh2 h4 56.Kg2 h3+
57.Kh2 Rf3 58.Kh1 Bf2 59.Rc6 Bg3 60.Rc1 Bf4 61.Ra1 Kf6 62.Kg1 Kg5 63.Kh1 Rc3
64.Rg1+ Kh4  0-1

[Event "Elista ol (Men)"]
[Site "Elista"]
[Date "1998.10.04"]
[Round "6"]
[White "Hassan, Sayed Barakat"]
[Black "Dasaolu, Rotimi"]
[Result "1-0"]
[WhiteElo "2330"]
[BlackElo "2105"]

1.e4 c5 2.Nc3 a6 3.Nf3 e6 4.d4 cxd4 5.Nxd4 Qc7 6.Bd3 Nf6 7.O-O d6 8.a4 b6
9.Be3 Nbd7 10.f4 g6 11.f5 gxf5 12.exf5 e5 13.Ne6 Qb8 14.Bc4 Bb7 15.Ng5 h6
16.Bxf7+ Ke7 17.Nd5+ Nxd5 18.Bxd5 hxg5 19.f6+ Kd8 20.Bxg5 Ra7 21.Ra3 Bxd5
22.Qxd5 Rc7 23.Rf2 Kc8 24.Rg3 Nc5 25.f7 Qb7 26.Qxb7+ Kxb7 27.Bd8 Rd7 28.Rg8 Rh7
29.Rxf8 Ne6 30.Re8  1-0

[Event "Elista ol (Men)"]
[Site "Elista"]
[Date "1998.10.04"]
[Round "6"]
[White "Wong Zi Jing"]
[Black "Fernandes, Antonio"]
[Result "0-1"]
[WhiteElo "2120"]
[BlackElo "2480"]

1.e4 c5 2.Nf3 e6 3.d4 cxd4 4.Nxd4 a6 5.Nc3 b5 6.Bd3 Bb7 7.O-O d6 8.Kh1 Nf6
9.a3 Qc7 10.f4 Nbd7 11.Nf3 Nc5 12.Qe2 Nfd7 13.Bd2 Nb6 14.Rae1 Be7 15.e5 g6
16.Ng5 O-O 17.Qg4 Rad8 18.f5 exf5 19.Qh3 h5 20.exd6 Rxd6 21.Bf4 Bxg5 22.Bxg5 Re6
23.Bxf5 gxf5 24.Qxf5 Qc6 25.Qf2 Rg6 26.h4 Nd5 27.Re5 Nxc3 28.bxc3 Ne4 29.Qe3 f6
30.Ref5 Nxg5 31.Qg3 Qxg2+ 32.Qxg2 Bxg2+ 33.Kxg2 Ne4+ 34.Kh3 Ng3 35.Rg1 Nxf5
36.Rxg6+ Kf7  0-1

[Event "Elista ol (Men)"]
[Site "Elista"]
[Date "1998.10.05"]
[Round "7"]
[White "Gunnarsson, Jon Viktor"]
[Black "Perdomo, Carlos Andres"]
[Result "1/2-1/2"]
[WhiteElo "2445"]
[BlackElo "2410"]

1.e4 c5 2.Nf3 e6 3.d4 cxd4 4.Nxd4 a6 5.Nc3 Qc7 6.Be2 Nf6 7.a3 b5 8.f4 Bb7
9.e5 Nd5 10.Nxd5 Bxd5 11.Bf3 Bxf3 12.Qxf3 Nc6 13.Be3 Rc8 14.Nxc6 Qxc6 15.Qxc6 Rxc6
16.c3 d5 17.exd6 Bxd6 18.O-O Ke7 19.Rfd1 h6 20.g3 a5 21.Rd3 Rhc8 22.Kf2 R8c7
23.Rad1 a4 24.Kf3 Bc5 25.Rd8 Bxe3 26.Kxe3 Rc5 27.Rb8 g5 28.Rd4 gxf4+ 29.Rxf4 Rd7
30.Rd4 Rdd5 31.h4 h5 32.Rxd5 Rxd5 33.Rc8 Kf6 34.c4 bxc4 35.Rxc4 Rb5 36.Rxa4 Rxb2
37.Ke4 Rb3 38.Kf4 Kg6 39.Ra8 f6 40.Ke4 Kf7 41.Ra7+ Kg6 42.Ra8 Rc3 43.a4 Ra3
44.a5 Ra4+ 45.Kf3 Kf5 46.Rh8 Ra3+ 47.Kf2 Kg4 48.Rg8+ Kh3 49.Rg6 Ra2+ 50.Kf3 Ra3+
51.Kf2 Ra2+ 52.Kf3 Rxa5 53.Rxf6 Ra3+ 54.Kf2 Rxg3 55.Rxe6 Rg2+ 56.Kf3 Rg4
57.Re1 Kxh4 58.Rh1+ Kg5 59.Kf2 h4 60.Rg1  1/2-1/2

[Event "Elista ol (Men)"]
[Site "Elista"]
[Date "1998.10.07"]
[Round "9"]
[White "Soto Paez, Oliver"]
[Black "Gallego, Ruben"]
[Result "1-0"]
[WhiteElo "2320"]
[BlackElo "2305"]

1.e4 c5 2.Nf3 e6 3.d4 cxd4 4.Nxd4 a6 5.Nc3 d6 6.Be2 Nf6 7.O-O Be7 8.Be3 O-O
9.f4 Qc7 10.Kh1 b5 11.Bf3 Bb7 12.e5 dxe5 13.fxe5 Nfd7 14.Bxb7 Qxb7 15.Qh5 b4
16.Nce2 Nc6 17.Nf3 g6 18.Qh3 Ncxe5 19.Bh6 Rfe8 20.Ned4 Nxf3 21.Rxf3 Ne5 22.Rf4 Bc5
23.Raf1 f5 24.Nb3 Be7 25.Qe3 Nf7 26.R4f3 Bf6 27.Nc5 Qa7 28.Rh3 Rac8 29.Ne4 Bd4
30.Nf6+ Kh8 31.Bf8 h5 32.Qg3  1-0

[Event "Budapest FS10 GM"]
[Site "Budapest"]
[Date "1998.10.08"]
[Round "6"]
[White "Borocz, Istvan"]
[Black "Kreiman, Boris"]
[Result "1/2-1/2"]
[WhiteElo "2360"]
[BlackElo "2455"]

1.e4 c5 2.Nf3 e6 3.d4 cxd4 4.Nxd4 a6 5.Nc3 Qc7 6.Be2 b5 7.O-O Bb7 8.Bf3 Nc6
9.Re1 Ne5 10.Bf4 Nf6 11.Nd5 Nxd5 12.Bxe5 Qxe5 13.exd5 Qc7 14.dxe6 dxe6 15.Bxb7 Qxb7
16.Qh5 O-O-O 17.c3 Rd5 18.Qh3 Bc5 19.a4 Bxd4 20.cxd4 bxa4 21.Rxa4 Kd7 22.Rea1 Qxb2
23.Rxa6 Rc8 24.Ra7+ Ke8 25.Rf1 h6 26.Qh4 Qb4 27.Qf4 Rf5 28.Rc1 Rd8 29.Qc7 Qd6
30.Qxd6 Rxd6 31.Rc8+ Rd8 32.Rxd8+ Kxd8 33.f3 Ke8 34.Kf2 Rb5 35.Ra2 Rb3 36.Rd2 Kd7
37.Ke2 Kd6 38.Rd3 Rb4 39.Ke3 g5 40.g3 f5 41.Ra3 h5 42.h4 gxh4 43.gxh4  1/2-1/2

[Event "Elista ol (Men)"]
[Site "Elista"]
[Date "1998.10.09"]
[Round "10"]
[White "Jonsson, Bjorgvin"]
[Black "Kostenko, Petr"]
[Result "0-1"]
[WhiteElo "2395"]
[BlackElo "2470"]

1.e4 c5 2.Nf3 e6 3.d4 cxd4 4.Nxd4 a6 5.Nc3 Qc7 6.Be2 b5 7.O-O Bb7 8.Re1 Nc6
9.Nxc6 dxc6 10.f4 Rd8 11.Bd3 c5 12.Qf3 c4 13.Bf1 Nf6 14.a3 Bc5+ 15.Be3 Rd2
16.Re2 Rxe2 17.Bxe2 Ng4 18.Qxg4 Bxe3+ 19.Kh1 Bxf4 20.Qxg7 Qe5 21.Qxe5 Bxe5
22.Bf3 Ke7 23.Rd1 Bc6 24.Kg1 h5 25.h3 h4 26.Kf2 a5 27.Ke3 Rb8 28.Rb1 b4 29.axb4 axb4
30.Ne2 Rd8 31.b3 c3 32.Nc1 Bd4+ 33.Ke2 Bb5+ 34.Nd3 Ra8 35.e5 Ra2 36.Rc1 Bxe5
37.Ke3 Bd6 38.Be2 Bd7 39.Kd4 Ra5 40.Rf1 e5+ 41.Ke3 Ra2 42.Ne1 f5 43.Bc4 e4
44.Kd4 Ra5 45.Ke3 Bg3 46.Kd4  0-1

[Event "Elista ol (Men)"]
[Site "Elista"]
[Date "1998.10.12"]
[Round "13"]
[White "Cochrane, John Miles"]
[Black "Mikuev, Erentsen"]
[Result "1/2-1/2"]
[WhiteElo "2220"]
[BlackElo "2145"]

1.e4 c5 2.Nf3 e6 3.Nc3 a6 4.d4 cxd4 5.Nxd4 Qc7 6.g3 b5 7.Bg2 Bb7 8.O-O Nf6
9.Re1 Bc5 10.Bg5 Qb6 11.Be3 Nc6 12.Nxc6 Bxe3 13.Rxe3 dxc6 14.e5 Nd5 15.Nxd5 cxd5
16.c3 O-O 17.Rc1 f5 18.Qd4 Qa5 19.a3 Rac8 20.Bf1 Qc7 21.Rd1 Bc6 22.Qc5 Bd7
23.Qxc7 Rxc7 24.Rd4 Rb8 25.Rf3 a5 26.g4 fxg4 27.Rxg4 Rf8 28.Rgf4 Rxf4 29.Rxf4 Rc5
30.Bd3 Be8 31.Kf1 Bg6 32.Bxg6 hxg6 33.Ke2 g5 34.Rd4 Kf7 35.Kf3 Kg6 36.Kg4 Rc8
37.a4 bxa4 38.Rxa4 Rc5  1/2-1/2

[Event "BL9899 (Women)"]
[Site "Germany"]
[Date "1998.10.25"]
[Round "2.5"]
[White "Wolf, Sylvia"]
[Black "Zahn, Nicol"]
[Result "1-0"]
[WhiteElo "2075"]
[BlackElo "2095"]

1.e4 c5 2.Nf3 e6 3.d4 cxd4 4.Nxd4 a6 5.Nc3 Qc7 6.g3 Bb4 7.Ne2 Nf6 8.Bg2 O-O
9.O-O Be7 10.Kh1 d6 11.f4 Nc6 12.Nd4 Bd7 13.Nb3 b5 14.Be3 b4 15.Ne2 Rac8
16.c3 Rfd8 17.Rc1 Qb8 18.c4 a5 19.Nbd4 Nxd4 20.Nxd4 Be8 21.Qe2 Bf8 22.Bg1 d5
23.cxd5 exd5 24.e5 Ne4 25.Rxc8 Qxc8 26.f5 Qc7 27.e6 Bc5 28.Rc1 Qb6 29.Bxe4 Bxd4
30.Bxd4 Qxd4 31.e7 Rb8 32.Bf3 Qf6 33.Bxd5 Qxf5 34.Bf3 Bb5 35.Qe3 Re8 36.Rd1 Qc8
37.Qe5 g6 38.Qxb5 Rxe7 39.Qd5 Re8 40.Qd2 Qf5 41.Rf1 Qe5 42.Rf2 Qc5 43.Kg2 Qc7
44.Bd5 Rf8 45.Qc2 Qd8 46.Qc4 Qd7 47.Qc5 Qd8 48.Rd2 Kg7 49.Qd4+ f6 50.Bf3 Qb8
51.Qc5 a4 52.Rd7+ Kh6 53.Qe7  1-0

[Event "BEL-chT9899"]
[Site "Antwerp"]
[Date "1998.10.26"]
[Round "1"]
[White "Barendse, Ted"]
[Black "Talon, Alain"]
[Result "1/2-1/2"]
[WhiteElo "2175"]
[BlackElo "2110"]

1.e4 c5 2.Nc3 e6 3.Nge2 a6 4.d4 cxd4 5.Nxd4 Qc7 6.g3 Nf6 7.Bg2 d6 8.O-O Be7
9.Re1 O-O 10.Be3 Nbd7 11.f4 Nb6 12.Kh1 Nc4 13.Bc1 g6 14.b3 Nb6 15.Bb2 e5
16.Nf3 exf4 17.gxf4 Bg4 18.Qd4 Qc5 19.Nd5 Nbxd5 20.exd5 Qxd4 21.Nxd4 Bd8
22.f5 Nd7 23.h3 Bh5 24.Bf3  1/2-1/2

[Event "Wch U18"]
[Site "Oropesa del Mar"]
[Date "1998.10.27"]
[Round "3"]
[White "Ardeleanu, George Catalin"]
[Black "Bakhtadze, Giorgi"]
[Result "1-0"]
[WhiteElo "2310"]
[BlackElo "2395"]

1.e4 c5 2.Nf3 e6 3.d4 cxd4 4.Nxd4 a6 5.Nc3 Qc7 6.Bd3 Nc6 7.Nxc6 bxc6 8.O-O Nf6
9.Qe2 d6 10.f4 Be7 11.Na4 O-O 12.c4 Nd7 13.c5 d5 14.Qc2 dxe4 15.Bxe4 Nf6
16.Be3 g6 17.Bd4 Nd5 18.g3 Bf6 19.Bxf6 Nxf6 20.Nb6 Rb8 21.Nc4 Nd5 22.Rfe1 a5
23.h4 Ba6 24.Nd6 Qd8 25.Qd2 Qf6 26.b3 a4 27.Bxd5 exd5 28.b4 d4 29.Re5 d3
30.Qc3 Rbd8 31.Qd4 Rd7 32.h5 h6 33.Rae1 Kh7 34.Kf2 g5 35.Qe4+ Kh8 36.Re8 Rd8
37.Rxd8 Rxd8 38.Qe5 Qxe5 39.fxe5 Kg7 40.a3 Kf8 41.Ke3 Ke7 42.Rf1 d2 43.Rd1 f6
44.Rxd2 Rf8 45.Rf2 fxe5 46.Rxf8 Kxf8 47.Ke4 Be2 48.Kxe5 Bxh5 49.Nf5 Bf3 50.Nxh6 Kg7
51.Nf5+ Kg6 52.Nd4 Bg2 53.Kd6  1-0

[Event "Wch U18"]
[Site "Oropesa del Mar"]
[Date "1998.10.27"]
[Round "3"]
[White "Felgaer, Ruben"]
[Black "Kundin, Alexander"]
[Result "0-1"]
[WhiteElo "2335"]
[BlackElo "2430"]

1.e4 c5 2.Nf3 e6 3.d4 cxd4 4.Nxd4 a6 5.Nc3 b5 6.g3 Bb7 7.Bg2 b4 8.Na4 Nf6
9.Qe2 Be7 10.O-O O-O 11.b3 Nc6 12.Bb2 Qc7 13.Rfd1 d5 14.exd5 Nxd4 15.Rxd4 Bxd5
16.Bxd5 Nxd5 17.Rc4 Qa5 18.Rd1 Rfd8 19.Qh5 Ne3 20.Rxd8+ Rxd8 21.Qe2 Nxc4  0-1

[Event "Wch U16"]
[Site "Oropesa del Mar"]
[Date "1998.10.27"]
[Round "3"]
[White "Neiksans, Arthur"]
[Black "Khamrakulov, Ibragim S"]
[Result "1-0"]
[WhiteElo "2230"]
[BlackElo "2315"]

1.e4 c5 2.Nf3 e6 3.d4 cxd4 4.Nxd4 a6 5.Nc3 Qc7 6.Bd3 b5 7.O-O Bb7 8.Be3 Nf6
9.a3 Nc6 10.Qe2 h5 11.h3 Bd6 12.f4 Nxd4 13.Bxd4 Bc5 14.Qf3 d6 15.Rad1 O-O-O
16.Bxc5 Qxc5+  1-0

[Event "Najdorf op"]
[Site "Buenos Aires"]
[Date "1998.10.28"]
[Round "5"]
[White "Pereira, Silvio C"]
[Black "Panno, Oscar"]
[Result "1/2-1/2"]
[WhiteElo "2225"]
[BlackElo "2465"]

1.e4 c5 2.Nf3 e6 3.d4 cxd4 4.Nxd4 a6 5.Nc3 Qc7 6.Be2 Nf6 7.O-O Nc6 8.Be3 Be7
9.f4 d6 10.Kh1 O-O 11.a4 Rb8 12.Nb3 b6 13.Bd3 Nb4 14.Bd2 Bb7 15.Qe2 Nd7 16.Rf3 Rfe8
17.Rh3 g6 18.Rf1 Nc5 19.Nd4 Nbxd3 20.cxd3 Bf6 21.Nf3 Bg7 22.Be3 f5 23.Bd4 Bxd4
24.Nxd4 Qd7 25.Nf3 Re7 26.Ng5 Rf8 27.Qd2 e5 28.b4 Ne6 29.Qa2 Kh8 30.Nxe6 Rxe6
31.Qf2 fxe4 32.dxe4 Rxf4 33.Rf3 Ref6 34.Qxb6 Rxf3 35.Rxf3  1/2-1/2

[Event "Pan American"]
[Site "San Felipe"]
[Date "1998.10.29"]
[Round "4"]
[White "Garcia, Gildardo"]
[Black "Dumont, Sadi Glasser"]
[Result "1-0"]
[WhiteElo "2510"]
[BlackElo "2365"]

1.e4 c5 2.Nf3 e6 3.d4 cxd4 4.Nxd4 a6 5.Nc3 b5 6.g3 Bb7 7.Bg2 b4 8.Na4 Nf6
9.Qe2 d6 10.O-O Nbd7 11.Rd1 Qc7 12.a3 e5 13.Nf5 Rc8 14.axb4 g6 15.Ne3 Nxe4
16.b5 axb5 17.Bxe4 Bxe4 18.Nc3 Qb7 19.Nxe4 Qxe4 20.Qxb5 Qc6 21.Qxc6 Rxc6
22.Ra8+ Ke7 23.Nd5+ Ke6 24.Re8+ Kf5 25.Rd8  1-0

[Event "Wch U18"]
[Site "Oropesa del Mar"]
[Date "1998.10.30"]
[Round "5"]
[White "Rodriguez Herreros, Victor"]
[Black "Bakhtadze, Giorgi"]
[Result "0-1"]
[WhiteElo "2280"]
[BlackElo "2395"]

1.e4 c5 2.Nf3 e6 3.d4 cxd4 4.Nxd4 a6 5.Nc3 Qc7 6.g3 Bb4 7.Bd2 Nc6 8.Nb3 Be7
9.a4 b6 10.Bg2 Nf6 11.O-O d6 12.f4 O-O 13.g4 Re8 14.g5 Nd7 15.Qh5 g6 16.Qh4 Rb8
17.Rf3 Bf8 18.Rh3 h6 19.gxh6 Kh7 20.Rf1 b5 21.axb5 axb5 22.Rhf3 Ba6 23.R1f2 b4
24.Nd1 Bc4 25.Ne3 Bxb3 26.cxb3 Be7 27.Qh3 Nd4 28.Rg3 Nf6 29.f5 Rg8 30.fxe6 fxe6
31.Ng4 Rbf8 32.Rd3 Nxg4 33.Qxg4 Rxf2 34.Kxf2 Rf8+ 35.Kg1 Qc2 36.Rxd4 Qb1+
37.Bc1 Qxc1+ 38.Rd1 Qe3+ 39.Kh1 Qxb3 40.Rg1 Qxb2 41.Qxe6 Qe5 42.Qc4 Rf4 43.Rf1 Rxf1+
44.Bxf1 Qf4 45.Kg1 Bf6 46.Bd3 Be5 47.h4 Qg3+ 48.Kf1 Qf3+ 49.Kg1 b3 50.Qxb3 Bd4+
51.Kh2 Qf2+ 52.Kh3 Be5  0-1

[Event "Chigorin mem"]
[Site "St. Petersburg"]
[Date "1998.11.01"]
[Round "2"]
[White "Rogovoi, Mark"]
[Black "Kuzuev, Danil"]
[Result "1-0"]
[WhiteElo "2225"]
[BlackElo "2350"]

1.e4 c5 2.Nf3 e6 3.d4 cxd4 4.Nxd4 a6 5.Nc3 Qc7 6.Be2 Nf6 7.O-O Bb4 8.Qd3 Nc6
9.Nxc6 bxc6 10.Bg5 d5 11.f4 Bb7 12.f5 O-O 13.Bxf6 gxf6 14.Rf3 Qe5 15.exd5 exd5
16.Rh3 Rfe8 17.Bf1 Bc8 18.Rh5 Qe3+ 19.Qxe3 Rxe3 20.Na4 Rb8 21.Bd3 Bd6 22.Kf2 Re5
23.a3 c5 24.b3 Bd7 25.Nc3 Bc6 26.Bxa6 c4 27.b4 Rb6 28.b5 Bc5+ 29.Kf1 Bd4
30.bxc6 Rxa6 31.Rb1 Rxc6 32.Nb5 Bb6 33.c3 Kg7 34.Rd1 Rc5 35.a4 Rc8 36.g4 Ra8
37.Ra1 Re3 38.g5 Rf3+ 39.Kg2 Rf2+ 40.Kg3 Rxf5 41.gxf6+ Kg6 42.Rxf5 Kxf5 43.Kf3 Kxf6
44.h4 Kf5 45.Rd1 Ke6 46.Ra1 Kd7 47.Kf4 Kc6 48.Kf5 Rg8 49.Kf6 Rg4 50.h5 Rh4
51.Kg5 Rh2 52.Rf1 Be3+ 53.Kg4 Ra2 54.Rf6+ Kc5 55.Nc7 d4 56.Na6+ Kd5 57.Nb4+ Ke5
58.Rf5+ Ke6 59.Nxa2 d3 60.Rf1  1-0

[Event "Wch U16"]
[Site "Oropesa del Mar"]
[Date "1998.11.02"]
[Round "7"]
[White "Kovchan, Alexander"]
[Black "Khamrakulov, Ibragim S"]
[Result "0-1"]
[WhiteElo "2330"]
[BlackElo "2315"]

1.e4 c5 2.Nf3 e6 3.d4 cxd4 4.Nxd4 a6 5.Nc3 b5 6.Be3 Bb7 7.f3 Qc7 8.Qd2 Nc6
9.O-O-O Nf6 10.g4 h6 11.Kb1 Ne5 12.Bf4 d6 13.Ncxb5 Qb6 14.Nc3 Rb8 15.Bxe5 dxe5
16.Nb3 Be7 17.h4 O-O 18.g5 Nh5 19.Qh2 Nf4 20.Qg1 Qc7 21.gxh6 g6 22.h5 g5
23.Rh2 Rfd8 24.Rhd2 Rxd2 25.Rxd2 Kh7 26.Ne2 Kxh6 27.Nxf4 exf4 28.Qa7 Rd8
29.Qf2 Rc8 30.Qa7 Bb4 31.Rg2 Ra8 32.Qd4 Be7 33.c4 Rd8 34.Qc3 Rd1+ 35.Kc2 Qd8
36.Rd2 Rxd2+ 37.Qxd2 Qxd2+ 38.Kxd2 Kxh5 39.Ke2 g4 40.Na5 Ba8 41.Bg2 Kh4 42.Bh1 Kg3
43.fxg4 f5 44.gxf5 exf5 45.Kd3 fxe4+ 46.Bxe4 Bxe4+ 47.Kxe4 f3 48.Nb3 f2 49.Nd2 Bg5  0-1

[Event "Chigorin mem"]
[Site "St. Petersburg"]
[Date "1998.11.03"]
[Round "4"]
[White "Olenin, Nikolay"]
[Black "Yemelin, Vasily"]
[Result "1/2-1/2"]
[WhiteElo "2365"]
[BlackElo "2510"]

1.e4 c5 2.Nf3 e6 3.d4 cxd4 4.Nxd4 a6 5.Nc3 b5 6.Bd3 Qb6 7.Nb3 Qc7 8.O-O d6
9.a4 b4 10.Na2 Nc6 11.Bd2 Qb7 12.c3 bxc3 13.Bxc3 Nf6 14.Qc2 Be7 15.Rfc1 Bd7
16.Na5 Nxa5 17.Bxa5 O-O 18.Qe2 Rfc8 19.Rxc8+ Qxc8 20.Rc1 Qb8 21.Nc3 Bc8 22.b4 Nd7
23.f4 d5 24.exd5 Qxf4 25.Rf1 Qd4+ 26.Kh1 Qxc3 27.Bxh7+ Kxh7 28.Qh5+ Kg8 29.Qxf7+ Kh7
30.Qh5+ Kg8  1/2-1/2

[Event "Donetzk zt"]
[Site "Donetsk"]
[Date "1998.11.04"]
[Round "3"]
[White "Zontakh, Andrey"]
[Black "Moroz, Alexander"]
[Result "1/2-1/2"]
[WhiteElo "2540"]
[BlackElo "2490"]

1.e4 c5 2.Nf3 e6 3.d4 cxd4 4.Nxd4 a6 5.Nc3 Qc7 6.g3 Bb4 7.Bd2 Nc6 8.Nb3 Nf6
9.Bg2 Be7 10.O-O O-O 11.f4 d6 12.g4 b5 13.g5 Nd7 14.a3 Rb8 15.Rf3 Re8 16.Rh3 g6
17.Qe1 b4 18.Qh4 Nf8 19.f5 bxc3 20.f6 h5 21.Rxc3 Bd8 22.Bf3 e5 23.Bxh5 Nh7
24.Be2 Qa7+ 25.Kh1 Nd4 26.Qh6 Nxf6 27.gxf6 Bxf6 28.Bc4 Be6 29.Bxe6 Nxe6 30.Rf1 Bg7
31.Qh3 Qb7 32.Qf3 Nf4 33.Rc4 Rbc8 34.Rxc8 Rxc8 35.Bc3 d5 36.exd5 Qxd5 37.Nd2 f5
38.Re1 Qd6 39.Bb4 Qc7 40.Qb3+ Kh7 41.Nf3 Qxc2 42.Ng5+ Kh8 43.Nf7+ Kg8 44.Qxc2 Rxc2
45.Nxe5 Rxb2 46.Nf3 Bf6 47.h4 Ne2 48.Rd1 Ng3+ 49.Kg1 Ne2+ 50.Kf1 Ng3+ 51.Kg1 Ne4
52.Rd7 Rb3 53.Kg2 a5 54.Bxa5 Rxa3 55.Be1 Ra2+ 56.Kf1 Rc2 57.Rb7 Rb2 58.Rc7 Ra2
59.Rb7 Nc5 60.Rb5 Nd3 61.h5 Ra1 62.hxg6 Nxe1 63.Nxe1 Bh4 64.Rxf5 Rxe1+ 65.Kg2 Kg7
66.Rf4 Bg5 67.Rf1 Re5 68.Rd1 Kxg6 69.Rd3 Ra5 70.Kf3 Kf5 71.Rb3 Bf6 72.Rd3 Be5
73.Re3 Ra1 74.Rd3 Rh1 75.Kg2 Rh4 76.Kf3 Rh2 77.Re3 Bf4 78.Rd3 Ke5 79.Rd1 Rh3+
80.Kg2 Rg3+ 81.Kf2 Ra3 82.Re1+ Kf5 83.Re8 Be5 84.Ke2 Ke4 85.Re7 Ra2+ 86.Ke1 Kd4
87.Kf1 Rb2 88.Re8 Ke4 89.Ke1 Rh2 90.Re7 Kd5 91.Kf1 Kd4 92.Re8 Rb2 93.Re7 Kd5
94.Re8 Ra2 95.Re7 Bd4 96.Re2 Ra3 97.Kg2 Be3 98.Kf3 Kd4 99.Kg4 Ra5 100.Rg2 Ke4
101.Rg3 Ra6 102.Rg2 Rg6+ 103.Kh3 Rh6+ 104.Kg4 Rh8 105.Rg3 Bf4 106.Rg2 Be3
107.Rg3 Bf2 108.Rg2 Rf8 109.Kh3 Kf3 110.Rg3+  1/2-1/2

[Event "Young Masters 5th"]
[Site "Loures"]
[Date "1998.11.04"]
[Round "2"]
[White "Moreno, Javier"]
[Black "Paramos Dominguez, Roberto"]
[Result "0-1"]
[WhiteElo "2430"]
[BlackElo "2435"]

1.e4 c5 2.Nf3 e6 3.d4 cxd4 4.Nxd4 a6 5.Nc3 Qc7 6.Be2 Nf6 7.O-O Bb4 8.Qd3 Nc6
9.Kh1 Qd6 10.Be3 Ne5 11.Qd1 Bxc3 12.bxc3 Nxe4 13.f4 Nc6 14.Qd3 Nf6 15.Bf3 Qc7
16.Nxc6 bxc6 17.Bc5 d5 18.Qd4 a5 19.Rab1 Ba6 20.Rfe1 Rb8 21.Rxb8+ Qxb8 22.Ba3 Kd7
23.g4 h6 24.Kg2 Re8 25.h4 Kc8 26.Kg3 Bc4 27.g5 hxg5 28.hxg5 Nd7 29.Bg4 g6
30.Qg7 c5 31.Bh3 Kd8 32.Bg4 Kc8 33.Bc1 Rf8 34.Be3 Qd6 35.a3 Kc7 36.Rb1 Kc6
37.Rh1 Qb8 38.Rh7 Qb1 39.Bf2 Kd6 40.Rh2 a4 41.Bf3 Qc1 42.Rh1 Qxc2 43.Re1 Qb2
44.Be3 Qxa3 45.f5 e5 46.fxg6 Qxc3 47.Qxf8+ Nxf8 48.g7 Ne6 49.g8=Q Qxe1+ 50.Bf2 Qc3
51.Kg2 Bf1+ 52.Kxf1 Qxf3 53.Qb8+ Nc7 54.Qf8+ Kd7 55.Ke1 a3 56.Bxc5 a2 57.Qd6+ Kc8
58.Qa6+ Nxa6  0-1

[Event "Wch U18"]
[Site "Oropesa del Mar"]
[Date "1998.11.04"]
[Round "9"]
[White "Fernandez Rangel, Alejandro"]
[Black "Bakhtadze, Giorgi"]
[Result "0-1"]
[WhiteElo "2205"]
[BlackElo "2395"]

1.e4 c5 2.Nf3 e6 3.d4 cxd4 4.Nxd4 a6 5.Nc3 Qc7 6.g3 Bb4 7.Ne2 Nf6 8.Bg2 Be7
9.O-O O-O 10.Nf4 Nc6 11.Nd3 d6 12.Bf4 Bd7 13.g4 Bc8 14.Bg3 Ne5 15.h3 Rb8
16.Qe2 b5 17.Rae1 Bb7 18.Nd1 Rbc8 19.c3 Rfd8 20.Kh2 Nfd7 21.f4 Nxd3 22.Qxd3 d5
23.e5 Nc5 24.Qe3 Ne4 25.Nf2 Nxg3 26.Qxg3 b4 27.Rc1 Qc4 28.cxb4 Qxc1 29.Rxc1 Rxc1
30.Qb3 Rdc8 31.Nd3 R1c4 32.a3 Bc6 33.Kg3 Bd7 34.Bf3 Rd4 35.Kf2 Bb5 36.Be2 Re4
37.Bf3 Bh4+ 38.Kg2 Re3  0-1

[Event "Chigorin mem"]
[Site "St. Petersburg"]
[Date "1998.11.04"]
[Round "5"]
[White "Orlov, Vassily"]
[Black "Ionov, Sergey"]
[Result "1/2-1/2"]
[WhiteElo "2435"]
[BlackElo "2545"]

1.e4 c5 2.Nf3 e6 3.d4 cxd4 4.Nxd4 a6 5.Nc3 b5 6.Bd3 Qb6 7.Nb3 Qc7 8.O-O Bb7
9.Qe2 b4 10.Nb1 Nf6 11.c4 Nc6 12.Be3 Ne5 13.f3 Nxd3 14.Qxd3 Bd6 15.h3 Bh2+
16.Kh1 Be5 17.Nd4 O-O 18.Nd2 Nh5 19.Rfd1 f5 20.exf5 Ng3+ 21.Kg1 Nxf5 22.Nxf5 Rxf5
23.Ne4 Bxe4  1/2-1/2

[Event "Young Masters 5th"]
[Site "Loures"]
[Date "1998.11.05"]
[Round "3"]
[White "Paramos Dominguez, Roberto"]
[Black "Costa, Fernando JM"]
[Result "0-1"]
[WhiteElo "2435"]
[BlackElo "2115"]

1.e4 c5 2.Nf3 e6 3.Nc3 a6 4.d4 cxd4 5.Nxd4 Nc6 6.Be2 Qc7 7.O-O Nf6 8.Be3 Be7
9.a4 O-O 10.f4 d6 11.Kh1 Bd7 12.Nb3 b6 13.g4 Bc8 14.g5 Nd7 15.Bf3 Rb8 16.Bg2 Na5
17.Nd4 Nc4 18.Bc1 Re8 19.b3 Na5 20.Bb2 Bb7 21.Qh5 Nc6 22.Nde2 Nb4 23.Rf3 d5
24.Rh3 Nf8 25.f5 exf5 26.Nd4 fxe4 27.Nf5 Bc5 28.Nxd5 Bxd5 29.Bxg7 Be6 30.Bb2 Bxf5
31.Qh6 Re5 32.Rh4 Qd6 33.g6 Bxg6 34.Rf1 e3 35.Rhf4 e2 36.Re1 Ne6 37.Rg4 Nxc2
38.Bh3 Nxe1  0-1

[Event "Donetzk zt"]
[Site "Donetsk"]
[Date "1998.11.06"]
[Round "5"]
[White "Berelovich, Aleksandar"]
[Black "Maksimenko, Andrei"]
[Result "1/2-1/2"]
[WhiteElo "2495"]
[BlackElo "2500"]

1.e4 c5 2.Nf3 e6 3.Nc3 a6 4.d4 cxd4 5.Nxd4 Qc7 6.Be2 d6 7.Be3 b5 8.Qd2 Nf6
9.f3 Nbd7 10.a3 Be7 11.g4 Ne5  1/2-1/2

[Event "Chigorin mem"]
[Site "St. Petersburg"]
[Date "1998.11.06"]
[Round "6"]
[White "Yandemirov, Valeri"]
[Black "Vakin, Sergei"]
[Result "1-0"]
[WhiteElo "2470"]
[BlackElo "2360"]

1.e4 c5 2.Nf3 e6 3.Nc3 a6 4.d4 cxd4 5.Nxd4 d6 6.Be2 Nf6 7.O-O Be7 8.Be3 Qc7
9.f4 O-O 10.Kh1 Nc6 11.a4 Bd7 12.Bg1 Rac8 13.Qd3 Nxd4 14.Bxd4 Bc6 15.Qg3 g6
16.Bd3 Nh5 17.Qf2 Nxf4 18.Qxf4 e5 19.Qf2 exd4 20.Qxd4 Bg5 21.Nd5 Bxd5 22.Qxd5 Bh6
23.Ra3 Qe7 24.Rb3 Rc7 25.Rb6 Rd7 26.Bc4 Bg7 27.Qd3 Be5 28.Bd5 Kg7 29.Rb3 Rc7
30.c4 Qh4 31.g3 Qe7 32.Qd2 h5 33.Rbf3 Qe8 34.b3 Qc8 35.Kg2 h4 36.gxh4 Qg4+
37.Kh1 Qxh4 38.Qg2 Qd8 39.Rg1 Bf6 40.Qf2 Be5 41.Qg2 Kh8 42.Qg4 Qe8 43.Qh4+ Kg7
44.Bxf7 Qxf7 45.Rxf7+ Rcxf7 46.Qg4 Rf6 47.h4 Bd4 48.Rd1 Rf4 49.Qd7+ R8f7
50.Qxd6 Rxh4+ 51.Kg2 Be3 52.Qe5+ Kh6 53.Qh8+ Rh7 54.Qf8+ Kh5 55.Rd5+ g5 56.Qf3+ Rg4+
57.Kh3  1-0

[Event "Wch U18"]
[Site "Oropesa del Mar"]
[Date "1998.11.07"]
[Round "11"]
[White "Felgaer, Ruben"]
[Black "Bakhtadze, Giorgi"]
[Result "1/2-1/2"]
[WhiteElo "2335"]
[BlackElo "2395"]

1.e4 c5 2.Nf3 e6 3.d4 cxd4 4.Nxd4 a6 5.Nc3 Qc7 6.g3 Bb4 7.Ne2 Nf6 8.Bg2 Be7
9.O-O Nc6 10.Nf4 O-O 11.g4 d6 12.g5 Nd7 13.Nd3 b5 14.f4 Re8 15.Kh1 Bb7 16.Be3 Na5
17.Qg4 Nc4 18.Bc1 Bf8 19.b3 Ne3 20.Bxe3 Qxc3 21.Rac1 Nc5 22.Bxc5 dxc5 23.f5 c4
24.Nf4 Qe5 25.g6 fxg6 26.Nxe6 Bd6 27.Qh4 gxf5 28.exf5 Bxg2+ 29.Kxg2 cxb3
30.cxb3 Rac8 31.Rxc8 Rxc8 32.Kg1 h6 33.Qf2 Rc3 34.Re1 Qf6 35.Rd1 Be7 36.Kg2  1/2-1/2

[Event "BEL-chT9899"]
[Site "Antwerp"]
[Date "1998.11.08"]
[Round "2"]
[White "Gulbas, Cemil"]
[Black "Chuchelov, Vladimir"]
[Result "0-1"]
[WhiteElo "2170"]
[BlackElo "2540"]

1.e4 c5 2.Nf3 e6 3.d4 cxd4 4.Nxd4 a6 5.Nc3 b5 6.a3 Bb7 7.Bd3 Qc7 8.O-O Nf6
9.Qe2 d6 10.f4 Nbd7 11.Rf3 g6 12.Kh1 Bg7 13.Be3 O-O 14.Raf1 Rfe8 15.Rg3 Rac8
16.Nb3 e5 17.fxe5 Nxe5 18.Bd4 Nfd7 19.Qf2 Nc5 20.Nd2 Re6 21.Bxe5 Bxe5 22.Rf3 Rf8
23.Nd5 Bxd5 24.exd5 Re7 25.b4 Nxd3 26.cxd3 Qb7 27.Qh4 f5 28.d4 Bf6 29.Qg3 Bxd4
30.Qxd6 Be5 31.Qc5 Rc8 32.Qf2 Qxd5 33.Nb3 Kg7 34.Nc5 Rc6 35.Rd3 Qc4 36.Qf3 Qf4
37.Qxf4 Bxf4 38.g4 Be3 39.gxf5 Bxc5 40.bxc5 Rf7 41.Rd5 Rcf6 42.Rf4 gxf5 43.a4 bxa4
44.Rxa4 f4 45.Rg5+ Kf8 46.Kg1 Rb7 47.Rg4 Rb1+ 48.Kf2 Rb2+ 49.Kf3 Rxh2 50.Rgxf4 Rxf4+
51.Rxf4+ Ke7 52.Ke4 Rh5 53.Kd4 Rg5 54.Rf1 h5 55.Ra1 Rg6 56.Kd5 Kd7 57.Ke5 Rc6
58.Kf4 Ke6 59.Ke4 h4 60.Kd4 Kd7 61.Rg1 Rh6 62.Rg7+ Kc6 63.Ra7 Kb5 64.Rb7+ Ka5
65.Rb1 h3 66.Rh1 h2 67.Ra1+ Kb5 68.Rb1+ Ka4 69.Ra1+ Kb4  0-1

[Event "Budapest FS11 IM-A"]
[Site "Budapest"]
[Date "1998.11.10"]
[Round "4"]
[White "Tindall, Brett"]
[Black "Ostrowski, Leszek"]
[Result "1/2-1/2"]
[WhiteElo "2275"]
[BlackElo "2340"]

1.e4 c5 2.Nf3 e6 3.d4 cxd4 4.Nxd4 a6 5.Nc3 b5 6.Bd3 Qb6 7.Nb3 Qc7 8.Be3 Nf6
9.O-O Bb7 10.f4 d6 11.a3 Nbd7 12.Qf3 Be7 13.Rae1 O-O 14.Qh3 e5 15.f5 Rfe8
16.g4 h6 17.g5 hxg5 18.Bxg5 d5 19.exd5 e4 20.Rf4 Nh7 21.Bxe7 Qxf4 22.Rxe4 Ng5
23.Bxg5 Qxg5+ 24.Rg4 Qf6 25.Rh4 Kf8 26.Qg3 Qb6+ 27.Nd4 Nf6 28.Kf1 Rad8 29.Ne6+ fxe6
30.fxe6 Rxe6 31.Rh8+ Ng8  1/2-1/2